The administration of American public schools / (Record no. 50172)
[ view plain ]
| 000 -LEADER | |
|---|---|
| fixed length control field | 00910nam a2200277 a 4500 |
| 001 - CONTROL NUMBER | |
| control field | 50172 |
| 003 - CONTROL NUMBER IDENTIFIER | |
| rucl marc code | BD-RjUL |
| 005 - DATE AND TIME OF LATEST TRANSACTION | |
| control field | 20211209075453.0 |
| 008 - FIXED-LENGTH DATA ELEMENTS--GENERAL INFORMATION | |
| fixed length control field | 160824s1951 nyua b 001 0 eng |
| 035 ## - SYSTEM CONTROL NUMBER | |
| System control number | (BD-RjUL)50292 |
| 040 ## - CATALOGING SOURCE | |
| Original cataloging agency | DLC |
| Transcribing agency | FUB |
| Modifying agency | XBM |
| -- | UKM |
| -- | EQO |
| -- | BD-RjUL |
| Language of cataloging | eng |
| 041 ## - LANGUAGE CODE | |
| Language code of text/sound track or separate title | eng |
| 082 ## - DEWEY DECIMAL CLASSIFICATION NUMBER | |
| Classification number | 371.2 |
| Edition number | 23 |
| Author mark and year | HAA 1951 |
| 100 1# - MAIN ENTRY--PERSONAL NAME | |
| Personal name | Hagman, Harlan L. |
| 9 (RLIN) | 150381 |
| 245 14 - TITLE STATEMENT | |
| Title | The administration of American public schools / |
| Statement of responsibility, etc. | Harlan H. Hagman. |
| 250 ## - EDITION STATEMENT | |
| Edition statement | 1st ed. |
| 260 ## - PUBLICATION, DISTRIBUTION, ETC. (IMPRINT) | |
| Place of publication, distribution, etc. | London : |
| Name of publisher, distributor, etc. | McGraw-Hill Book Company, Inc., |
| Date of publication, distribution, etc. | c1951,[3rd impression] |
| 300 ## - PHYSICAL DESCRIPTION | |
| Pagination | xii, 428 p. : |
| Illustrations | ill. ; |
| Size | 24 cm. |
| 490 1# - SERIES STATEMENT | |
| Series statement | McGraw-Hill series in education |
| 500 ## - GENERAL NOTE | |
| General note | Include index |
| 650 #0 - SUBJECT ADDED ENTRY--TOPICAL TERM | |
| Topical term or geographic name as entry element | School management and organization |
| Geographic subdivision | United States. |
| 9 (RLIN) | 133213 |
| Topical term or geographic name as entry element | Public schools |
| Geographic subdivision | United States. |
| 9 (RLIN) | 150389 |
| 830 #0 - SERIES ADDED ENTRY--UNIFORM TITLE | |
| Uniform title | McGraw-Hill series in education |
| 942 ## - ADDED ENTRY ELEMENTS (KOHA) | |
| Source of classification or shelving scheme | Dewey Decimal Classification |
| Koha item type | Books |
| Lost status | Source of classification or shelving scheme | Damaged status | Not for loan | Collection code | Permanent Location | Current Location | Shelving location | Date acquired | Source of acquisition | Cost, normal purchase price | Total Checkouts | Full call number | Date last seen | Copy number | Koha item type |
|---|---|---|---|---|---|---|---|---|---|---|---|---|---|---|---|
| Dewey Decimal Classification | Non-fiction | Central Library, University of Rajshahi | Central Library, University of Rajshahi | 08/10/1957 | P.A. Commerce co. | 27.80 | 371.2 HAA 1951 | 24/08/2016 | C-2 | Books |